Santos da Igreja Católica - Statistics

Estatísticas Gerais
  • Esse quiz foi jogado 712 vezes
    704 desde o último reset
  • A pontuação média é 10 de 25
Estatísticas das Respostas
DICA RESPOSTA % Correto
Negou Cristo por três vezes Pedro
90%
Batizou Cristo João Batista
85%
Patrono dos carpinteiros José
77%
Queria "ver para crer" Tomé
70%
Matou o dragão Jorge
67%
Virgem mexicana Guadalupe
58%
Avó de Jesus Cristo Ana
57%
Martirizado com flexas Sebastião
50%
Apóstolo enterrado em Compostela Tiago
49%
Teólogo pai do "tomismo" Tomás de Aquino
47%
Santo "casamenteiro" no Brasil Antônio de Pádua
36%
Ofereceu um véu a Cristo no Calvário, onde ficou gravada Sua face Verônica
35%
Protetor dos pobres Francisco de Assis
34%
Apóstolo da Irlanda Patrício
33%
O santo das "causas impossíveis" Judas Tadeu
28%
Fundou a Companhia de Jesus Inácio de Loyola
27%
Primeiro santo nativo do Brasil Frei Galvão
25%
Protetor dos escravos no Brasil Benedito
23%
Padroeira da visão Lúcia
20%
Autor de "Cidade de Deus" Agostinho de Hipona
18%
Defensora da oração mental e da vida contemplativa Teresa d'Ávila
16%
Primeira santa da América e padroeira do Peru Rosa de Lima
15%
Fundou uma ordem monástica regida pela Regra Bento de Núrsia
11%
Partidária do papa Gregógrio XI, no Cisma do Ocidente Catarina de Siena
5%
O corpo incorrupto Vicente de Paulo
3%
Nenhum quiz correspondente encontrado
Distribuição das Pontuações
Porcentagem de Pessoas com Cada Pontuação
Percentil de Números Respondidos
Sua Pontuação Histórica
Você não jogou esse quiz desde o último reset